书目信息 |
| 题名: |
业余无线电制作经验集
|
|
| 作者: | 潘人庸 编著 | |
| 分册: | ||
| 出版信息: | 北京 人民邮电出版社 1956 |
|
| 页数: | 86页 | |
| 开本: | 19cm | |
| 丛书名: | 通俗无线电小丛书 | |
| 单 册: | ||
| 中图分类: | TN851-19 | |
| 科图分类: | ||
| 主题词: | 接收机--创造发明 , 接收机 , 收音机 | |
| 电子资源: | ||
| ISBN: | ||
| 000 | 00737nam2 2200277 45 | |
| 001 | 0631603593 | |
| 005 | 20060812084718.68 | |
| 010 | @dCNY0.30 | |
| 091 | @a15045.无113 | |
| 100 | @a19970718d1956 em y0chiy0121 ea | |
| 101 | 0 | @achi |
| 102 | @aCN@b110000 | |
| 105 | @akf z 000yy | |
| 106 | @ar | |
| 200 | 10 | @a业余无线电制作经验集@Aye yu wu xian dian zhi zuo jing yan ji@f潘人庸编著 |
| 210 | @a北京@c人民邮电出版社@d1956 | |
| 215 | @a86页@c图,表@d19cm | |
| 225 | 2 | @a通俗无线电小丛书 |
| 410 | 0 | @1 20010@a通俗无线电小丛书 |
| 606 | @a接收机@x创造发明 | |
| 606 | 0 | @a接收机 |
| 606 | 0 | @a收音机 |
| 690 | @aTN851-19@v3 | |
| 701 | 0 | @a潘人庸@4编著@Apan ren yong |
| 801 | 0 | @c20060812 |
| 905 | @a10447@dTN851-19@e60 | |
| 业余无线电制作经验集/潘人庸编著 .-北京:人民邮电出版社,1956 |
| 86页:图,表;19cm .-(通俗无线电小丛书 ) |
| ISBN :CNY0.30 |
| ● |
| 相关链接 |
|
|
|
|
正题名:业余无线电制作经验集
索取号:TN851-19/60
 
预约/预借
| 序号 | 登录号 | 条形码 | 馆藏地/架位号 | 状态 | 备注 |
| 1 | 0452318 | 204523186 | 密集书库/ [索取号:TN851-19/60] | 在馆 |